LEADER 01393cam0-2200505---450- 001 990006639370403321 005 20080924153928.0 035 $a000663937 035 $aFED01000663937 035 $a(Aleph)000663937FED01 035 $a000663937 100 $a20010426d1974----km-y0itay50------ba 101 0 $aita 102 $aIT 105 $aa-------001yy 200 1 $a<>politica della cittą$fFrancesco Compagna 205 $a5. ed. 210 $aBari$cLaterza$d1974 215 $a257 p.$cill.$d22 cm 225 1 $aBiblioteca di cultura moderna$v628 610 0 $aItalia$aUrbanizzazione 610 0 $aUrbanesimo$aItalia meridionale 610 0 $aPolitica della Cittą e Pianificazione Territoriale 676 $a307.76 676 $a044.005 676 $a352.00724 676 $a301.36 676 $a307.120945 700 1$aCompagna,$bFrancesco$f<1921-1982>$08450 801 0$aIT$bUNINA$gRICA$2UNIMARC 901 $aBK 912 $a990006639370403321 952 $aR1-R4.90$b5945$fDECTS 952 $a307.12 COM 1$fFLFBC 952 $a044.005.COM$b2546$fDECGE 952 $aCOLLEZ.97BIS (628)$b104140$fFGBC 952 $aCOLLEZ. 13 (628)$b2298$fFSPBC 952 $aVII A 8$b12078$fFSPBC 959 $aDECTS 959 $aFLFBC 959 $aDECGE 959 $aFGBC 959 $aFSPBC 996 $aPolitica della cittą$9116760 997 $aUNINA LEADER 01693nam 22005294a 450 001 9910455780003321 005 20200520144314.0 010 $a1-280-46870-X 010 $a9786610468706 010 $a0-313-01104-4 035 $a(CKB)111087027039332 035 $a(OCoLC)52768150 035 $a(CaPaEBR)ebrary10023080 035 $a(MiAaPQ)EBC3000774 035 $a(Au-PeEL)EBL3000774 035 $a(CaPaEBR)ebr10023080 035 $a(EXLCZ)99111087027039332 100 $a20010718d2002 uy 0 101 0 $aeng 135 $aurcn||||||||| 200 10$aAcademic pathfinders$b[electronic resource] $eknowledge creation and feminist scholarship /$fPatricia J. Gumport 210 $aWestport, Conn. $cGreenwood Press$d2002 215 $a1 online resource (217 p.) 225 1 $aGreenwood studies in higher education,$x1531-8087 311 $a0-313-32096-9 320 $aIncludes bibliographical references (p. [179]-191) and index. 410 0$aGreenwood studies in higher education. 606 $aWomen college teachers 606 $aWomen college students 606 $aWomen in higher education 606 $aFeminism and education 606 $aLearning and scholarship 608 $aElectronic books. 615 0$aWomen college teachers. 615 0$aWomen college students. 615 0$aWomen in higher education. 615 0$aFeminism and education. 615 0$aLearning and scholarship. 676 $a378/.0082 700 $aGumport$b Patricia J$0879050 801 0$bMiAaPQ 801 1$bMiAaPQ 801 2$bMiAaPQ 906 $aBOOK 912 $a9910455780003321 996 $aAcademic pathfinders$91963065 997 $aUNINA